Normal view
MARC view
- الفيزياء
Entry Topical Term
001 - CONTROL NUMBER
- control field: 20645
003 - CONTROL NUMBER IDENTIFIER
- control field: JO-AjAnu
005 - DATE AND TIME OF LATEST TRANSACTION
- control field: 20230606073604.0
008 - FIXED-LENGTH DATA ELEMENTS
- fixed length control field: 230606|| aca||aabn | a|a d
040 ## - CATALOGING SOURCE
- Original cataloging agency: JO-AjAnu
- Transcribing agency: JO-AjAnu
150 ## - HEADING--TOPICAL TERM
- Topical term or geographic name entry element: الفيزياء
670 ## - SOURCE DATA FOUND
- Source citation: Work cat.: (JO-AjAnu)10600: ابو خرمة ، محمودحسن/ م مشارك توفيق حمدان المشارقة , author 20644, الفيزياء العامة العملية1